000 00978nam a2200313 i 4500
001 000047857
003 DO-SdBNP
005 20260508134417.0
007 ta
008 110304s2011 dr 000 0 spa d
040 _aDO-SdBNP
_bspa
_cBNPHU
_erda
041 _aspa
082 4 _a248.5
_bT173j 2011
100 1 _aTardif, Emiliano,
_d1928-1999
_935030
_4aut.
_eautor
245 1 0 _aJesús es el Mesías /
_cEmiliano Tardif, José H. Prado Flores.
250 _aDuodécima edición
264 4 _aSanto Domingo, República Dominicana :
_bEdiciones M.S.C.,
_c©2011
300 _a146 páginas ;
_c21 cm.
336 _atexto
_btxt
_2rdacontent
337 _asin mediación
_bn
_2rdamedia
338 _avolumen
_bnc
_2rdacarrier
590 _aInventariado, 2018/ YL
650 4 _aEvangelización
_9476
650 0 _aVida cristiana
_9668
650 0 _aFe
_91024
700 1 _aPrado Flores, José H.
_910971
910 _aValidado. Control de calidad MFF
942 _2ddc
_cLBS1
999 _c47345
_d47345